| 000 | 00560nam a2200169Ia 4500 | ||
|---|---|---|---|
| 008 | 090201s9999 xx 000 0 und d | ||
| 010 | _aKPL-13935 | ||
| 040 | _bमराठी | ||
| 041 | _aमराठी | ||
| 082 |
_a5339 _b13935 |
||
| 100 | _aराजा मंगळवेढेकर | ||
| 245 |
_aकथा आणि कथाकथन _cराजा मंगळवेढेकर |
||
| 260 |
_c1973 _bसाधना प्रकाशन |
||
| 300 |
_a213 _bमोठा |
||
| 600 | _aकथा आणि कथाकथन | ||
| 942 | _cBOOK | ||
| 999 |
_c206268 _d206268 |
||